[Event "Torneo FIDE"]
[Site "Frascati ITA"]
[Date "2006.03.27"]
[Round "3"]
[White "Kasparov, Sergey"]
[Black "Dervishi, Erald"]
[Result "1-0"]
[WhiteElo "2491"]
[BlackElo "2491"]
[PlyCount "129"]
[EventDate "2006.03.25"]

1.e4 e5 2.Nf3 Nc6 3.Bb5 a6 4.Bxc6 dxc6 5.O-O f6 6.d4 exd4 7.Nxd4 c5 8.Ne2 
Qxd1 9.Rxd1 Bd7 10.Be3 O-O-O 11.Nbc3 Re8 12.Rd2 Bc6 13.Rad1 b6 14.f3 Ne7 
15.Nf4 Ng6 16.Nh5 Ne5 17.b3 c4 18.Nd5 Rg8 19.Kf2 Bxd5 20.Rxd5 Be7 21.g4 g6
22.Ng3 Rd8 23.h3 Rxd5 24.exd5 cxb3 25.cxb3 Rd8 26.Ke2 Nd7 27.Ne4 f5 28.
gxf5 gxf5 29.d6 cxd6 30.Nxd6+ Bxd6 31.Rxd6 Re8 32.Kf2 Re7 33.Bxb6 Ne5 34.
Be3 Kc7 35.Rxa6 Nc6 36.Ra4 Kd6 37.Rc4 Rb7 38.Ke2 Rg7 39.Kf2 Rb7 40.Rc2 Rb5
41.Bf4+ Kd7 42.Rd2+ Ke7 43.Kg3 Ke8 44.Bd6 Nd8 45.b4 Ne6 46.a3 Rb7 47.f4 
Ra7 48.Rd3 Rd7 49.Kf3 Kd8 50.Ke3 Kc8 51.Be5 Ra7 52.Kd2 Nf8 53.Kc2 Nd7 54.
Kb3 Nxe5 55.fxe5 Re7 56.Kc4 Rxe5 57.Rd5 Re3 58.a4 Rxh3 59.Rxf5 h5 60.a5 h4
61.Rh5 Rh1 62.Kb5 h3 63.Kb6 h2 64.Rh8+ Kd7 65.b5 1-0

[Event "Torneo FIDE"]
[Site "Frascati ITA"]
[Date "2006.03.27"]
[Round "3"]
[White "Mogranzini, Roberto"]
[Black "Ronchetti, Niccolo'"]
[Result "1-0"]
[WhiteElo "2370"]
[BlackElo "2411"]
[PlyCount "61"]
[EventDate "2006.03.25"]

1.e4 c5 2.Nf3 Nc6 3.d4 cxd4 4.Nxd4 Nf6 5.Nc3 e5 6.Ndb5 d6 7.Bg5 a6 8.Na3 
b5 9.Nd5 Be7 10.Bxf6 Bxf6 11.c4 b4 12.Nc2 Rb8 13.b3 Bg5 14.g3 O-O 15.Bg2 
Be6 16.O-O Qd7 17.Qd3 Kh8 18.Nde3 g6 19.f4 exf4 20.gxf4 Bf6 21.Rad1 Qb7 
22.f5 Bc8 23.Qxd6 Be7 24.Qf4 Bc5 25.Kh1 Qe7 26.f6 Qe6 27.Rd5 Bxe3 28.Nxe3 
Bb7 29.Qh6 Rg8 30.Rf4 g5 31.Rh4 1-0

[Event "Torneo FIDE"]
[Site "Frascati ITA"]
[Date "2006.03.28"]
[Round "4"]
[White "Bruno, Fabio"]
[Black "Kasparov, Sergey"]
[Result "1/2-1/2"]
[WhiteElo "2409"]
[BlackElo "2491"]
[PlyCount "58"]
[EventDate "2006.03.25"]

1.c4 c5 2.Nc3 Nc6 3.g3 g6 4.Bg2 Bg7 5.Nf3 e6 6.O-O Nge7 7.d4 Nxd4 8.Nxd4 
cxd4 9.Nb5 Nf5 10.g4 a6 11.Qa4 Rb8 12.gxf5 axb5 13.Qa7 Be5 14.f4 Bc7 15.
Qxd4 O-O 16.fxe6 fxe6 17.c5 b6 18.c6 dxc6 19.Qxd8 Rxd8 20.Bxc6 b4 21.Be3 
e5 22.fxe5 Bxe5 23.Bf4 Bxf4 24.Rxf4 Ba6 25.Bf3 Rd2 26.Rxb4 Bxe2 27.Bxe2 
Rxe2 28.Rf1 Rd8 29.Rf2 Re6 1/2-1/2

[Event "Torneo FIDE"]
[Site "Frascati ITA"]
[Date "2006.03.28"]
[Round "4"]
[White "Damljanovic, Branko"]
[Black "Mogranzini, Roberto"]
[Result "1-0"]
[WhiteElo "2615"]
[BlackElo "2370"]
[PlyCount "69"]
[EventDate "2006.03.25"]

1.c4 Nf6 2.Nc3 g6 3.e4 d6 4.d4 Bg7 5.Nf3 O-O 6.h3 c5 7.d5 e6 8.Bd3 exd5 9.
exd5 Re8+ 10.Be3 a6 11.a4 Nh5 12.O-O Nd7 13.Bg5 f6 14.Bd2 f5 15.a5 Ne5 16.
Be2 Nf6 17.Nxe5 Rxe5 18.Bf3 Re8 19.Na4 Nd7 20.Ra3 Qh4 21.Qc1 Ne5 22.Nb6 
Rb8 23.Bg5 Qd4 24.Rd1 Qxb2 25.Qxb2 Nxf3+ 26.Rxf3 Bxb2 27.Re3 Rxe3 28.fxe3 
Kf7 29.Bd8 Bd7 30.Bc7 Re8 31.Bxd6 Bc8 32.Rb1 Bc3 33.Nxc8 Rxc8 34.Rxb7+ Kg8
35.Bc7 1-0

[Event "Torneo FIDE"]
[Site "Frascati ITA"]
[Date "2006.03.28"]
[Round "4"]
[White "Godena, Michele"]
[Black "Dervishi, Erald"]
[Result "0-1"]
[WhiteElo "2505"]
[BlackElo "2491"]
[PlyCount "76"]
[EventDate "2006.03.25"]

1.e4 e5 2.Nf3 Qe7 3.Nc3 c6 4.d4 d6 5.a4 Nf6 6.dxe5 dxe5 7.Bc4 h6 8.h3 Qc7 
9.O-O Bb4 10.Qd3 a5 11.Ne2 Nbd7 12.Ng3 g6 13.Be3 Nc5 14.Qe2 Ne6 15.Rad1 
Kf8 16.c3 Be7 17.Qd2 Kg7 18.Rfe1 b6 19.Qc1 Rb8 20.Nf5+ gxf5 21.exf5 Nf8 
22.Nxe5 Nd5 23.Bxd5 cxd5 24.Ng4 f6 25.Rxd5 h5 26.Bf4 Qb7 27.Bxb8 hxg4 28.
hxg4 Ne6 29.Qd2 Qxb8 30.fxe6 Qh2+ 31.Kf1 Ba6+ 32.Rb5 Bxb5+ 33.axb5 Qh1+ 
34.Ke2 Qxg2 35.Qf4 Qd5 36.Qf5 Qxf5 37.gxf5 Rh5 38.Kd3 Rxf5 0-1

[Event "Torneo FIDE"]
[Site "Frascati ITA"]
[Date "2006.03.28"]
[Round "4"]
[White "Ronchetti, Niccolo'"]
[Black "Brunello, Sabino"]
[Result "1-0"]
[WhiteElo "2411"]
[BlackElo "2301"]
[PlyCount "87"]
[EventDate "2006.03.25"]

1.e4 e5 2.Nf3 Nc6 3.Bb5 a6 4.Ba4 Nf6 5.O-O Be7 6.Re1 b5 7.Bb3 O-O 8.d4 d6 
9.c3 Bg4 10.Be3 Bh5 11.Nbd2 exd4 12.cxd4 d5 13.e5 Ne4 14.Nxe4 dxe4 15.Qc2 
exf3 16.Qxc6 fxg2 17.Bd5 Rb8 18.Rec1 Bg5 19.Bxg2 Bxe3 20.fxe3 Kh8 21.Qd5 
Qg5 22.Qe4 Qe7 23.Rc5 Bg6 24.Qf4 f6 25.Rac1 Rbe8 26.Rxc7 fxe5 27.Rxe7 exf4
28.Rxe8 Rxe8 29.exf4 Kg8 30.Kf2 Kf8 31.d5 Be4 32.Re1 Bf5 33.Rxe8+ Kxe8 34.
Ke3 Bb1 35.Kd4 Bxa2 36.Kc5 Kd7 37.d6 Bc4 38.b4 Be2 39.Bh3+ Kd8 40.Kb6 Bc4 
41.Kxa6 Bd3 42.Kb6 Be2 43.Kc5 Bd3 44.Bg2 1-0

[Event "Torneo FIDE"]
[Site "Frascati ITA"]
[Date "2006.03.29"]
[Round "5"]
[White "Brunello, Sabino"]
[Black "Damljanovic, Branko"]
[Result "0-1"]
[WhiteElo "2301"]
[BlackElo "2615"]
[PlyCount "74"]
[EventDate "2006.03.25"]

1.e4 c5 2.Nf3 d6 3.d4 cxd4 4.Nxd4 Nf6 5.Nc3 Nc6 6.f3 e5 7.Nb3 Be7 8.Be3 
O-O 9.Qd2 a5 10.Nd5 Nxd5 11.exd5 Nb8 12.c4 b6 13.Bd3 f5 14.O-O Na6 15.Nc1 
Nc5 16.Bc2 Ba6 17.b3 Qc7 18.Nd3 Rae8 19.Rac1 Bh4 20.a3 Nd7 21.b4 axb4 22.
axb4 Qxc4 23.Rfd1 Qc8 24.g3 Be7 25.b5 Bxb5 26.g4 fxg4 27.Nf2 Nc5 28.fxg4 
Bh4 29.h3 Rf3 30.Kg2 Ref8 31.Ne4 Qd8 32.Nxc5 bxc5 33.Be4 Rg3+ 34.Kh2 Rxe3 
35.Qxe3 Bg5 36.Qe1 Bxc1 37.Rxc1 Qg5 0-1

[Event "Torneo FIDE"]
[Site "Frascati ITA"]
[Date "2006.03.29"]
[Round "5"]
[White "Dervishi, Erald"]
[Black "Bruno, Fabio"]
[Result "1-0"]
[WhiteElo "2491"]
[BlackElo "2409"]
[PlyCount "96"]
[EventDate "2006.03.25"]

1.e4 c5 2.Nf3 e6 3.d4 cxd4 4.Nxd4 Nf6 5.Nc3 d6 6.Be2 Be7 7.O-O O-O 8.f4 a6
9.a4 Nc6 10.Be3 Qc7 11.Kh1 Re8 12.Bf3 Bf8 13.Qd2 e5 14.Nde2 d5 15.exd5 e4 
16.dxc6 exf3 17.Rxf3 Bg4 18.Rg3 Rad8 19.Qc1 Qxc6 20.Nd4 Qc8 21.Bg1 Nh5 22.
Rd3 Qb8 23.f5 Nf4 24.Rg3 h5 25.h3 Nxh3 26.Rxh3 Bxh3 27.gxh3 Qe5 28.Qd2 
Qxf5 29.Nxf5 Rxd2 30.Nd4 g6 31.Rd1 Rxd1 32.Nxd1 Re1 33.Nc3 Bc5 34.Nce2 Rd1
35.Kg2 Kh7 36.Bf2 g5 37.c3 Kg6 38.b4 Ba7 39.c4 h4 40.c5 a5 41.Nb3 Rb1 42.
Nec1 axb4 43.c6 Rb2 44.Nd3 Rc2 45.cxb7 Bb8 46.a5 Ra2 47.Nxb4 Rb2 48.a6 Ba7
1-0

[Event "Torneo FIDE"]
[Site "Frascati ITA"]
[Date "2006.03.29"]
[Round "5"]
[White "Kasparov, Sergey"]
[Black "Ronchetti, Niccolo'"]
[Result "1-0"]
[WhiteElo "2491"]
[BlackElo "2411"]
[PlyCount "137"]
[EventDate "2006.03.25"]

1.Nf3 c5 2.g3 b6 3.Bg2 Bb7 4.O-O Nf6 5.c4 e6 6.Nc3 a6 7.b3 Be7 8.Bb2 O-O 
9.e3 Ra7 10.Qe2 d6 11.d3 Nbd7 12.Ne1 d5 13.e4 d4 14.Nb1 Ne8 15.e5 b5 16.f4
g6 17.Nd2 Ng7 18.Ne4 Qa8 19.Bc1 Re8 20.Bd2 Bc6 21.Bf3 Qc8 22.Qg2 Ba8 23.
Rf2 Nf5 24.Re2 Kg7 25.Qf2 h5 26.Ng2 Rh8 27.h3 Qg8 28.a4 bxc4 29.bxc4 Rb7 
30.Bc1 Rb3 31.Ne1 h4 32.g4 Ng3 33.Rb2 Nxe4 34.Bxe4 Rxb2 35.Qxb2 Bxe4 36.
dxe4 Qa8 37.Qc2 Rb8 38.Nf3 Qb7 39.Nd2 Qc6 40.Ra3 Bd8 41.Nf3 Qb7 42.f5 Qb1 
43.Qd2 Qxe4 44.Qh6+ Kg8 45.f6 Nxf6 46.exf6 Bxf6 47.Qf4 Qxf4 48.Bxf4 Rb4 
49.g5 Bd8 50.Bd6 f5 51.gxf6 Bxf6 52.Nd2 Bg5 53.Bxc5 Bxd2 54.Bxb4 Bxb4 55.
Rb3 a5 56.Kf2 Kf7 57.Kf3 e5 58.Ke4 Ke6 59.Rf3 Be7 60.Rf1 Bb4 61.Rg1 Kd6 
62.Rg5 Bd2 63.Rxe5 Bc3 64.Rg5 Kc6 65.Kd3 Kb6 66.c5+ Kc6 67.Kc4 Bb2 68.
Rxg6+ Kc7 69.Rh6 1-0

[Event "Torneo FIDE"]
[Site "Frascati ITA"]
[Date "2006.03.29"]
[Round "5"]
[White "Romanishin, Oleg M."]
[Black "Godena, Michele"]
[Result "1/2-1/2"]
[WhiteElo "2552"]
[BlackElo "2505"]
[PlyCount "41"]
[EventDate "2006.03.25"]

1.d4 d5 2.c4 c6 3.Nf3 Nf6 4.Nc3 dxc4 5.a4 Bf5 6.Nh4 Bd7 7.e4 e6 8.g3 Bb4 
9.Bg2 c5 10.O-O cxd4 11.Qxd4 Nc6 12.Qxc4 Qa5 13.Nf3 Rc8 14.Qe2 O-O 15.Rd1 
Bxc3 16.bxc3 e5 17.Bg5 Qxc3 18.Rac1 Qa3 19.Ra1 Qc3 20.Rac1 Qa3 21.Ra1 
1/2-1/2

[Event "Torneo FIDE"]
[Site "Frascati ITA"]
[Date "2006.03.30"]
[Round "6"]
[White "Godena, Michele"]
[Black "Bruno, Fabio"]
[Result "1-0"]
[WhiteElo "2505"]
[BlackElo "2409"]
[PlyCount "59"]
[EventDate "2006.03.25"]

1.e4 c5 2.Nf3 e6 3.c3 Nf6 4.e5 Nd5 5.Bc4 d6 6.d4 cxd4 7.cxd4 Nc6 8.O-O Be7
9.Qe2 O-O 10.Nc3 Nxc3 11.bxc3 dxe5 12.dxe5 Qc7 13.Qe4 b6 14.Bg5 Bb7 15.Bd3
g6 16.Bf6 Qd8 17.Qh4 Re8 18.Ng5 h5 19.Qg3 Bxf6 20.Nxf7 Kxf7 21.Qxg6+ Kf8 
22.exf6 Qc7 23.Rfe1 Red8 24.Qh6+ Kg8 25.Qg6+ Kf8 26.Qh6+ Kg8 27.Re3 h4 28.
Re4 Ne5 29.Rxe5 Rd5 30.Re4 1-0

[Event "Torneo FIDE"]
[Site "Frascati ITA"]
[Date "2006.03.31"]
[Round "7"]
[White "Brunello, Sabino"]
[Black "Romanishin, Oleg M."]
[Result "1/2-1/2"]
[WhiteElo "2301"]
[BlackElo "2552"]
[PlyCount "94"]
[EventDate "2006.03.25"]

1.e4 e5 2.Nf3 Nc6 3.d4 exd4 4.Nxd4 Bc5 5.Be3 Qf6 6.c3 Qg6 7.Qe2 Nxd4 8.
cxd4 Bb4+ 9.Bd2 Bxd2+ 10.Nxd2 Ne7 11.g3 O-O 12.Bg2 d5 13.O-O dxe4 14.Nxe4 
c6 15.Rfe1 Nd5 16.Nc3 Nxc3 17.bxc3 Be6 18.Rab1 Rab8 19.c4 Rbd8 20.d5 cxd5 
21.cxd5 Bxd5 22.Bxd5 Rxd5 23.Rxb7 a5 24.Qe7 Qg5 25.Qxg5 Rxg5 26.Reb1 h6 
27.R1b5 Rc8 28.h4 Rxb5 29.Rxb5 a4 30.Rb4 a3 31.Rb3 Ra8 32.Kf1 Ra5 33.Ke2 
g5 34.hxg5 hxg5 35.Kd2 Kg7 36.f3 Kg6 37.Kc3 Ra4 38.Rb6+ f6 39.Kb3 Ra8 40.
g4 Kf7 41.Rb4 f5 42.Rb7+ Kf6 43.Rb6+ Kf7 44.Rc6 fxg4 45.fxg4 Re8 46.Kxa3 
Re4 47.Kb3 Rxg4 1/2-1/2

[Event "Torneo FIDE"]
[Site "Frascati ITA"]
[Date "2006.03.31"]
[Round "7"]
[White "Bruno, Fabio"]
[Black "Ronchetti, Niccolo'"]
[Result "1-0"]
[WhiteElo "2409"]
[BlackElo "2411"]
[PlyCount "63"]
[EventDate "2006.03.25"]

1.d4 Nf6 2.Nf3 e6 3.e3 b6 4.Bd3 Bb7 5.Nbd2 c5 6.O-O Nc6 7.c3 Be7 8.Qe2 Qc7
9.dxc5 Bxc5 10.b4 Be7 11.Bb2 g5 12.b5 Ne5 13.Nxe5 Qxe5 14.Rab1 g4 15.c4 
Qg5 16.Nb3 Rg8 17.e4 Nh5 18.g3 f6 19.a4 Rc8 20.a5 f5 21.exf5 Bf3 22.Qd2 
exf5 23.axb6 f4 24.Rfe1 axb6 25.Re5 Qh6 26.Rbe1 Rg7 27.Rxh5 Qxh5 28.Bxg7 
Rc5 29.Nxc5 fxg3 30.fxg3 Qxc5+ 31.Qe3 Kf7 32.Bd4 1-0

[Event "Torneo FIDE"]
[Site "Frascati ITA"]
[Date "2006.03.31"]
[Round "7"]
[White "Kasparov, Sergey"]
[Black "Berkes, Ferenc"]
[Result "1/2-1/2"]
[WhiteElo "2491"]
[BlackElo "2597"]
[PlyCount "147"]
[EventDate "2006.03.25"]

1.e4 c5 2.Nf3 e6 3.d4 cxd4 4.Nxd4 a6 5.Bd3 Bc5 6.Nb3 Ba7 7.Qe2 Nc6 8.Be3 
d6 9.N1d2 Nf6 10.Bxa7 Rxa7 11.O-O O-O 12.f4 e5 13.Kh1 Re8 14.Qf2 exf4 15.
Qxf4 b6 16.Rad1 Ne5 17.Nd4 d5 18.Be2 Rd7 19.exd5 Rxd5 20.c3 Kh8 21.N2f3 
Ng6 22.Qc1 Qc7 23.Bd3 Rh5 24.Rde1 Rg8 25.Bxg6 hxg6 26.Kg1 Bb7 27.Qd2 Rd8 
28.Qf2 Ne4 29.Qe3 b5 30.a3 a5 31.Rd1 b4 32.axb4 axb4 33.Ne2 Rxd1 34.Rxd1 
Ng5 35.Ng3 Nxf3+ 36.gxf3 Re5 37.Qd4 Re8 38.Kf2 bxc3 39.bxc3 Ra8 40.Rd2 Kg8
41.Kg2 f5 42.Ne2 Qc6 43.Qd3 Kh7 44.Rb2 Ba6 45.Nd4 Qd5 46.Qe3 Qc4 47.Rf2 
Bb7 48.h4 Ra6 49.Rc2 Bd5 50.Qe2 Qa4 51.Qb5 Qxb5 52.Nxb5 Bc4 53.Nd4 Ra1 54.
Nc6 Kh6 55.Ne5 Ra4 56.f4 Bd5+ 57.Kg3 Ra3 58.Kf2 Kh5 59.Rd2 Ra5 60.c4 Be4 
61.Rd7 Ra2+ 62.Ke3 Ra3+ 63.Kd4 Kxh4 64.Rxg7 Kg3 65.Nxg6 Kf3 66.Ke5 Ra5+ 
67.Kd4 Ra1 68.Ke5 Ra5+ 69.Kd6 Ke3 70.Ke6 Rc5 71.Ra7 Rc6+ 72.Kf7 Rxc4 73.
Ra3+ Kd4 74.Kf6 1/2-1/2

[Event "Torneo FIDE"]
[Site "Frascati ITA"]
[Date "2006.04.01"]
[Round "8"]
[White "Godena, Michele"]
[Black "Ronchetti, Niccolo'"]
[Result "1-0"]
[WhiteElo "2505"]
[BlackElo "2411"]
[PlyCount "87"]
[EventDate "2006.03.25"]

1.e4 c5 2.Nf3 Nc6 3.c3 d5 4.exd5 Qxd5 5.d4 Bg4 6.Be2 e6 7.h3 Bh5 8.c4 Qd6 
9.d5 Bxf3 10.Bxf3 Nd4 11.dxe6 Qxe6+ 12.Be3 Qxc4 13.Bxd4 cxd4 14.Nd2 Bb4 
15.Qa4+ b5 16.Kd1 bxa4 17.Nxc4 Rc8 18.Rc1 Ne7 19.a3 Bc5 20.Ne5 Bd6 21.
Rxc8+ Nxc8 22.Bc6+ Ke7 23.Re1 Bxe5 24.Rxe5+ Kd6 25.Re8 Rxe8 26.Bxe8 f6 27.
Bxa4 Kd5 28.Kd2 Nd6 29.Kd3 g5 30.g3 h5 31.Bd1 h4 32.gxh4 gxh4 33.f4 f5 34.
Bf3+ Kc5 35.b4+ Kb5 36.Kxd4 Ka4 37.Ke5 Nc4+ 38.Kxf5 Kxa3 39.b5 Nd6+ 40.Ke5
Nxb5 41.f5 Nc3 42.f6 Na4 43.f7 Nb6 44.f8=Q+ 1-0

[Event "Torneo FIDE"]
[Site "Frascati ITA"]
[Date "2006.04.01"]
[Round "8"]
[White "Mogranzini, Roberto"]
[Black "Brunello, Sabino"]
[Result "1/2-1/2"]
[WhiteElo "2370"]
[BlackElo "2301"]
[PlyCount "27"]
[EventDate "2006.03.25"]

1.e4 e5 2.Nf3 Nc6 3.Bb5 a6 4.Ba4 Nf6 5.O-O Be7 6.Re1 b5 7.Bb3 d6 8.h3 O-O 
9.c3 Bb7 10.d4 Re8 11.Ng5 Rf8 12.Nf3 Re8 13.Ng5 Rf8 14.Nf3 1/2-1/2

[Event "Torneo FIDE"]
[Site "Frascati ITA"]
[Date "2006.04.01"]
[Round "8"]
[White "Romanishin, Oleg M."]
[Black "Kasparov, Sergey"]
[Result "1-0"]
[WhiteElo "2552"]
[BlackElo "2491"]
[PlyCount "75"]
[EventDate "2006.03.25"]

1.d4 Nf6 2.Nf3 c5 3.d5 g6 4.Nc3 d6 5.e4 Bg7 6.Bb5+ Bd7 7.a4 O-O 8.O-O Bxb5
9.axb5 Nbd7 10.Qe2 Ne8 11.Rd1 Nc7 12.Bf4 Nb6 13.e5 Qd7 14.Bg3 Rfd8 15.h3 
Qf5 16.Nh4 Qd7 17.f4 c4 18.Nf3 Nxb5 19.Ne4 Nc7 20.Neg5 f6 21.e6 Qb5 22.Nf7
Rdc8 23.f5 Nbxd5 24.fxg6 hxg6 25.Nh4 c3 26.Qg4 g5 27.Nf5 cxb2 28.Rab1 Qc5+
29.Bf2 Qxc2 30.Rxb2 Qxb2 31.Qh5 Nxe6 32.N7h6+ Bxh6 33.Nxh6+ Kg7 34.Nf5+ 
Kg8 35.Qg6+ Kf8 36.Nh6 Qxf2+ 37.Kxf2 Rc2+ 38.Qxc2 1-0

[Event "Torneo FIDE"]
[Site "Frascati ITA"]
[Date "2006.04.02"]
[Round "9"]
[White "Brunello, Sabino"]
[Black "Godena, Michele"]
[Result "1/2-1/2"]
[WhiteElo "2301"]
[BlackElo "2505"]
[PlyCount "52"]
[EventDate "2006.03.25"]

1.e4 e5 2.Nf3 Nc6 3.d4 exd4 4.Nxd4 Bc5 5.Be3 Qf6 6.c3 Nge7 7.Bc4 O-O 8.O-O
b6 9.Nc2 Bb7 10.Nd2 Rad8 11.Bxc5 bxc5 12.Re1 Ne5 13.Bf1 d5 14.Qe2 N7g6 15.
Qe3 dxe4 16.Nxe4 Qf5 17.Nxc5 Bxg2 18.Bxg2 Qxc2 19.b4 Qf5 20.Rad1 Rxd1 21.
Rxd1 Nf4 22.Rd4 Qb1+ 23.Bf1 Qg6+ 24.Kh1 Qb1 25.Kg1 Qg6+ 26.Kh1 Qb1 1/2-1/2

[Event "Torneo FIDE"]
[Site "Frascati ITA"]
[Date "2006.04.02"]
[Round "9"]
[White "Bruno, Fabio"]
[Black "Berkes, Ferenc"]
[Result "1/2-1/2"]
[WhiteElo "2409"]
[BlackElo "2597"]
[PlyCount "37"]
[EventDate "2006.03.25"]

1.d4 Nf6 2.Nf3 g6 3.c4 Bg7 4.Nc3 d5 5.e3 O-O 6.Be2 c5 7.O-O cxd4 8.exd4 
Nc6 9.h3 b6 10.Bf4 Bb7 11.b3 Rc8 12.Rc1 dxc4 13.d5 Na5 14.b4 Nxd5 15.Nxd5 
Bxd5 16.bxa5 b5 17.Qe1 e5 18.Be3 Qe7 19.a3 1/2-1/2

[Event "Torneo FIDE"]
[Site "Frascati ITA"]
[Date "2006.04.02"]
[Round "9"]
[White "Dervishi, Erald"]
[Black "Romanishin, Oleg M."]
[Result "1/2-1/2"]
[WhiteElo "2491"]
[BlackElo "2552"]
[PlyCount "82"]
[EventDate "2006.03.25"]

1.e4 e5 2.Nf3 Nc6 3.Bb5 a6 4.Ba4 Nf6 5.O-O Be7 6.Re1 b5 7.Bb3 d6 8.c3 O-O 
9.h3 Na5 10.Bc2 c5 11.d4 Nd7 12.Nbd2 cxd4 13.cxd4 Nc6 14.Nb3 a5 15.Bd3 a4 
16.Bxb5 Qb6 17.Bxc6 Qxc6 18.Nbd2 Bf6 19.b3 axb3 20.Nxb3 exd4 21.Nfxd4 Qa4 
22.Bb2 Bb7 23.Qg4 Rfe8 24.Qg3 Bxe4 25.Re2 Bg6 26.Rxe8+ Rxe8 27.Qxd6 Ne5 
28.Qa3 Qxa3 29.Bxa3 Nd3 30.Rd1 h5 31.Bd6 Nb2 32.Rc1 Nd3 33.Rd1 Nb2 34.Rc1 
Nd3 35.Rf1 Re4 36.Nb5 Re2 37.a4 Rb2 38.Nc1 Nxc1 39.Rxc1 Bc2 40.a5 Rxb5 41.
Rxc2 Rxa5 1/2-1/2

[Event "Torneo FIDE"]
[Site "Frascati ITA"]
[Date "2006.04.02"]
[Round "9"]
[White "Ronchetti, Niccolo'"]
[Black "Damljanovic, Branko"]
[Result "0-1"]
[WhiteElo "2411"]
[BlackElo "2615"]
[PlyCount "154"]
[EventDate "2006.03.25"]

1.e4 c5 2.Nf3 d6 3.d4 cxd4 4.Nxd4 Nf6 5.Nc3 Nc6 6.Bc4 Qb6 7.Nxc6 bxc6 8.
O-O g6 9.Qe1 Ng4 10.h3 Ne5 11.Na4 Qc7 12.Qc3 Rg8 13.Be2 Bg7 14.f4 Nd7 15.
Qe1 Bb7 16.c4 c5 17.Bd3 f5 18.Nc3 Bxc3 19.bxc3 Qc6 20.Rb1 Nf6 21.Rf2 fxe4 
22.Bf1 h5 23.Be3 Bc8 24.Rfb2 Bf5 25.Be2 Kf7 26.Qh4 Rh8 27.Qe1 Qa6 28.Qd2 
Rad8 29.Rb3 Be6 30.Qb2 Rd7 31.Ra3 Qc6 32.Ra5 Rc7 33.Qa3 Nd7 34.Ra6 Qa8 35.
Qc1 Rb7 36.Rb5 Rb6 37.Ra3 a6 38.Rbb3 Qc6 39.Qf1 Nf6 40.Qb1 Rhb8 41.Qd1 Qc8
42.Kh2 Qh8 43.Qb1 Rxb3 44.axb3 Qc8 45.Qa1 Qb7 46.Bd1 Ra8 47.Bc2 Bf5 48.Qd1
Rf8 49.Qa1 Bc8 50.Qb1 Be6 51.Qa2 Ra8 52.Ra4 Qc6 53.Qb1 Kg7 54.Ra5 Bf5 55.
Qa2 Qb7 56.Qb1 Rc8 57.Qa1 Rc6 58.Qd1 Qc7 59.Qa1 Qc8 60.Qd1 Kh7 61.Qa1 Qc7 
62.Qd1 d5 63.Ra3 g5 64.Qf1 d4 65.cxd4 cxd4 66.Bxd4 gxf4 67.Bc3 f3+ 68.Kh1 
Qg3 69.gxf3 Bg6 70.Ra2 Re6 71.Bd4 e3 72.Bxg6+ Qxg6 73.Rg2 e2 74.Qe1 Qd3 
75.Bxf6 exf6 76.Kh2 Qxf3 77.Qg1 Qxg2+ 0-1

[Event "Torneo di Selezione Olimpica femminile"]
[Site "Frascati ITA"]
[Date "2006.03.29"]
[Round "1"]
[White "Arnetta, Maria Teresa"]
[Black "Tonel, Giulia"]
[Result "1-0"]
[WhiteElo "1992"]
[BlackElo "1897"]
[PlyCount "81"]
[EventDate "2006.03.29"]

1.e4 e5 2.Nf3 Nc6 3.d4 exd4 4.Nxd4 Bc5 5.Be3 Qf6 6.Nb5 Bxe3 7.fxe3 Qd8 8.
Qg4 g6 9.Qf4 d6 10.Bc4 Ne5 11.O-O Qe7 12.N1c3 c6 13.Bxf7+ Nxf7 14.Qxf7+ 
Qxf7 15.Nxd6+ Ke7 16.Nxf7 Be6 17.Nxh8 Nf6 18.Nxg6+ hxg6 19.h3 Nd7 20.Rf2 
Ne5 21.b3 Rd8 22.Ne2 Rc8 23.Nf4 Bf7 24.Raf1 Bg8 25.Nd3 Nd7 26.Rd2 Be6 27.
Nf4 Bf7 28.Rdf2 Rf8 29.Nd3 Be6 30.Rxf8 Nxf8 31.Nc5 Bc8 32.Kf2 b6 33.Nd3 
Bd7 34.Kg3 Ne6 35.Nf4 Nf8 36.Kh4 Be8 37.Kg5 Bf7 38.g4 Be8 39.Rd1 Bf7 40.e5
Nh7+ 41.Kh6 1-0

[Event "Torneo di Selezione Olimpica femminile"]
[Site "Frascati ITA"]
[Date "2006.03.31"]
[Round "2"]
[White "Capuano, Francesca"]
[Black "Brunello, Roberta"]
[Result "0-1"]
[WhiteElo "2023"]
[BlackElo "1860"]
[PlyCount "58"]
[EventDate "2006.03.29"]

1.d4 Nf6 2.Nf3 e6 3.Bg5 d5 4.c4 Be7 5.cxd5 exd5 6.Nc3 Nbd7 7.e3 c6 8.Bd3 
O-O 9.Qc2 Re8 10.O-O Nf8 11.Rab1 Ng6 12.b4 Ne4 13.Bxe7 Qxe7 14.Bxe4 dxe4 
15.Nd2 f5 16.f4 exf3 17.Rxf3 Nh4 18.Rg3 f4 19.exf4 Nf5 20.Rh3 Qd6 21.d5 
Nh6 22.Rh5 Qxf4 23.Rf1 Qe3+ 24.Kh1 Bg4 25.Rh4 Qg5 26.Rxh6 Qxh6 27.d6 Qxd6 
28.a3 Rad8 29.Nb3 Qd3 0-1

[Event "Torneo di Selezione Olimpica"]
[Site "Frascati ITA"]
[Date "2006.03.29"]
[Round "1"]
[White "Navarro, Stefano"]
[Black "Buchicchio, Giampaolo"]
[Result "1-0"]
[WhiteElo "2213"]
[BlackElo "2313"]
[PlyCount "99"]
[EventDate "2006.03.29"]

1.e4 c5 2.Nf3 Nc6 3.d4 cxd4 4.Nxd4 Nf6 5.Nc3 e5 6.Ndb5 d6 7.a4 a6 8.Na3 
Bg4 9.f3 Be6 10.Bc4 Rc8 11.O-O Nb4 12.Bb3 Bxb3 13.cxb3 d5 14.exd5 Nfxd5 
15.Qe2 f6 16.Nxd5 Qxd5 17.Nc4 Bc5+ 18.Be3 Bxe3+ 19.Nxe3 Qe6 20.Nc4 O-O 21.
Rad1 b5 22.axb5 axb5 23.Nd6 Rc2 24.Qxb5 Qxb3 25.Qd7 h6 26.Nf5 Rf7 27.Qe8+ 
Kh7 28.Rd8 Nd3 29.Qg8+ Kg6 30.Nh4+ Kg5 31.Rxd3 Qxd3 32.Qxf7 g6 33.f4+ Kxh4
34.Qxf6+ Kh5 35.Qxe5+ g5 36.Qe8+ Kg4 37.Qe6+ Kh5 38.fxg5 hxg5 39.Qf7+ Kh4 
40.Qg7 Rxg2+ 41.Kxg2 Qe4+ 42.Kf2 Qf4+ 43.Ke2 Qe4+ 44.Kd2 Qg2+ 45.Ke3 Qxf1 
46.Qh7+ Kg4 47.Qe4+ Kh3 48.Qf3+ Qxf3+ 49.Kxf3 g4+ 50.Kf4 1-0

[Event "Torneo di Selezione Olimpica"]
[Site "Frascati ITA"]
[Date "2006.03.30"]
[Round "3"]
[White "Di Caro, Calogero"]
[Black "Cacco, Christian"]
[Result "0-1"]
[WhiteElo "2326"]
[BlackElo "2398"]
[PlyCount "96"]
[EventDate "2006.03.29"]

1.Nf3 g6 2.c4 Bg7 3.d4 c5 4.e4 cxd4 5.Nxd4 Nc6 6.Be3 Nf6 7.Nc3 O-O 8.Be2 
d6 9.O-O Bd7 10.Qd2 a6 11.f3 Rc8 12.Rfd1 Re8 13.Nxc6 Bxc6 14.b4 Qc7 15.
Rac1 Bd7 16.Bf1 Be6 17.Na4 Nd7 18.Qf2 Qb8 19.c5 dxc5 20.bxc5 Qc7 21.Nc3 
Nxc5 22.Na4 Nxa4 23.Rxc7 Rxc7 24.Rc1 Rxc1 25.Bxc1 Rd8 26.g4 Nc3 27.Qc2 
Bxa2 28.Bb2 Be6 29.Bxc3 Rc8 30.Qe2 Rxc3 31.e5 Bh6 32.Qe4 Be3+ 33.Kg2 Rb3 
34.Bc4 Rb2+ 35.Kh3 Bxc4 36.Qxe3 Be6 37.Qd4 Rb3 38.Kg3 Kg7 39.Qd8 h6 40.h4 
b5 41.Kg2 a5 42.h5 g5 43.f4 Rb4 44.fxg5 Rxg4+ 45.Kf3 Rxg5 46.Qxa5 Rxe5 47.
Qc7 Bd5+ 48.Kf2 f6 0-1

[Event "XV Weekend A"]
[Site "Ceriano Laghetto ITA"]
[Date "2006.03.31"]
[Round "1"]
[White "Barlocco, Carlo"]
[Black "Mastroddi, Emiliano"]
[Result "1-0"]
[WhiteElo "2192"]
[BlackElo "2055"]
[PlyCount "153"]
[EventDate "2006.03.31"]

1. d4 Nf6 2. Nf3 d5 3. g3 g6 4. Bg2 Bg7 5. O-O O-O 6. c4 c6 7. Qb3 Qb6 8. Nc3
Qxb3 9. axb3 e6 10. Bf4 Nbd7 11. c5 Re8 12. e3 Nh5 13. Bd6 Bf8 14. Bxf8 Nxf8
15. b4 Bd7 16. Ne5 a6 17. f4 f6 18. Nd3 Ng7 19. Rad1 Nf5 20. Rfe1 h5 21. Kf2
Re7 22. h3 Nh6 23. e4 Rae8 24. e5 f5 25. Ne2 Rg7 26. Ng1 Kf7 27. Nf3 Nh7 28.
Rg1 Ke7 29. Ke3 Reg8 30. Ng5 Nxg5 31. fxg5 Nf7 32. Kf4 Rh7 33. Bf3 Rf8 34. Ne1
h4 35. Ng2 hxg3 36. h4 Be8 37. Rh1 Rfh8 38. Rh3 Nd8 39. Rdh1 Rg8 40. Rxg3 Nf7
41. Ke3 Nh8 42. Nf4 Bf7 43. Rhh3 Rgg7 44. h5 gxh5 45. Bxh5 Bxh5 46. Nxh5 Rg6
47. Nf4 Rgg7 48. Rxh7 Rxh7 49. Rh3 Rxh3+ 50. Nxh3 Ng6 51. Ng1 Kf7 52. Ne2 Ke7
53. Kd3 Kd7 54. Ng3 Ke7 55. Nh5 Kd7 56. Nf6+ Ke7 57. Kc3 Kf7 58. Kb3 Ne7 59.
Nh5 Kg6 60. Nf4+ Kf7 61. Ka4 Ng6 62. Nh5 f4 63. Ka5 f3 64. Kb6 f2 65. Ng3 Ne7
66. Kxb7 Kg6 67. Kxa6 Kxg5 68. b5 cxb5 69. Kxb5 Kg4 70. Nf1 Kf3 71. c6 Ke2 72.
Nh2 f1=Q 73. Nxf1 Kxf1 74. Kc5 Nc8 75. b4 Ke2 76. b5 Kd3 77. b6 1-0

[Event "XV Weekend A"]
[Site "Ceriano Laghetto ITA"]
[Date "2006.03.31"]
[Round "1"]
[White "Bozzali, Ermanno"]
[Black "Zacco, Remo"]
[Result "1-0"]
[WhiteElo "2105"]
[BlackElo "2009"]
[PlyCount "81"]
[EventDate "2006.03.31"]

1. d4 d6 2. e4 g6 3. Nc3 Bg7 4. Be3 Nd7 5. Qd2 a6 6. f3 b5 7. Nge2 Nb6 8. b3 e6
9. Rd1 h5 10. Nf4 Qh4+ 11. g3 Qe7 12. Bg2 Rb8 13. Nd3 Bd7 14. h4 Bh6 15. f4 Nf6
16. Nf2 Bg7 17. e5 Nfd5 18. Nxd5 exd5 19. O-O O-O 20. Nh3 Bg4 21. Rde1 Qd7 22.
Nf2 Bf5 23. Kh2 Rfe8 24. Nd3 Bf8 25. Bg1 Rbd8 26. Nb2 c6 27. Nd1 Rc8 28. Ne3
Be6 29. f5 gxf5 30. Qe2 dxe5 31. Qxh5 f4 32. gxf4 exf4 33. Bf3 fxe3 34. Bxe3
Qd6+ 35. Kh1 Bg7 36. Rg1 Kf8 37. Rxg7 Ke7 38. Bg5+ Kd7 39. Rxf7+ Bxf7 40. Qxf7+
Re7 41. Rxe7+ 1-0

[Event "XV Weekend A"]
[Site "Ceriano Laghetto ITA"]
[Date "2006.03.31"]
[Round "1"]
[White "Brugo, Marco"]
[Black "Pace, Pietro Dario"]
[Result "0-1"]
[WhiteElo "2041"]
[BlackElo "2185"]
[PlyCount "58"]
[EventDate "2006.03.31"]

1. d4 Nf6 2. c4 g6 3. Nc3 d5 4. cxd5 Nxd5 5. e4 Nxc3 6. bxc3 Bg7 7. Bc4 O-O 8.
Ne2 c5 9. O-O Nc6 10. Be3 Qc7 11. dxc5 Na5 12. Bd3 b6 13. cxb6 axb6 14. f3 Nc4
15. Bxc4 Qxc4 16. Bxb6 Ba6 17. Rf2 Rab8 18. Rb1 Qc6 19. Bd4 Rbd8 20. Qb3 e5 21.
Qb6 Qa8 22. Rb4 Rb8 23. Qa5 Rxb4 24. Qxb4 Rb8 25. Qd6 exd4 26. cxd4 Rb1+ 27.
Rf1 Rxf1+ 28. Kxf1 Bc4 29. a3 Bf8 0-1